000
00258nam a2200109Ia 4500
008
190216s9999||||xx |||||||||||||| ||und||
100
_a
Orusangam Lekakar
245
0
_a
Viswamaha Granthangal
260
_b
Vidyarthimithram
650
_a
Malayalam
942
_c
BK
999
_c
40393
_d
40393